| 000 | 00424pam a2200157a 44500 | ||
|---|---|---|---|
| 008 | 230515b2008 xxu||||| |||| 00| 0 eng d | ||
| 020 | _a81 250 2516 2 | ||
| 041 | _aENGLISH | ||
| 082 | _a618 | ||
| 100 | _aA ARULKUMARAN, K. BHASKERRAO, VIJAYKRISHANAN | ||
| 245 | _aHANDBOOK OF OBSTETRIC AND GYNECOLOGIC EMERGENCIES | ||
| 250 | _a1 | ||
| 260 |
_a _bORIENT LONGMAN PVT LTD. _c2008 |
||
| 300 | _a279 | ||
| 650 | _aONSTETRICS | ||
| 999 |
_c505467 _d505467 |
||